Острів благодаті (Запис № 332996)

МАРК-запис
000 -Лідер
fixed length control field 00628nam a22002297a 4500
003 - Ідентифікатор контрольного номера
control field UA-OsUOA
001 - Контрольний номер
control field 46893
007 - Фіксоване поле фізичного опису
fixed length control field ta
008 - Елементи даних фіксованої довжини – загальна інформація
fixed length control field 20070706b un ||||| |||| 00| 0 ukr d
090 ## - Локальний шифр розміщення
Класифікаційний індекс УДК 77.04:271
Авторський знак (НП) П32
040 ## - Джерело каталогізації
Агенція оригінальної каталогізації UA-OsUOA
Мова каталогізації ukr
Агенція, яка здійснювала перезапис UA-OsUOA
Агенція, яка здійснювала модифікацію UA-OsUOA
041 ## - Код мови
Код мови тексту/ звукової доріжки чи окремого заголовка (П) ukr
080 ## - Індекс Універсальної десяткової класифікації
Індекс Універсальної десяткової класифікації (УДК) (НП) 77.04:271
100 ## - Основне введення – ім’я особи
Ім’я особи (НП) Пилипюк В.
245 ## - Відомості про назву
Назва (НП) Острів благодаті
260 ## - Публікація, розповсюдження і т.п. (Вихідні дані)
Місце публікації, розповсюдження і т.п. (П) Львів
Ім’я/ наймення видавництва, розповсюджувача і т.п. (П) Світло і тінь
Дата публікації, розповсюдження і т.п. (П) 2004
300 ## - Фізичний опис
Обсяг 105 с.
650 #7 - Додаткове предметне введення – тематичний термін
Тематичний термін чи географічна назва, як елемент введення (НП) 77 Фотографія, кінематографія та подібні процеси
Джерело заголовка чи терміна UDC
942 ## - Додаткові елементи входу (Коха)
Тип елемента Koha Книги
955 ## - Код типу видання за змістом
Код типу видання за змістом (НП) Науково-популярні видання
Фонди
Стан вилучень Стан втрат Джерело класифікації або схеми стелажів Стан уражень Не для кредиту Код колекції Постійне місце розташування Поточне розміщення Дата придбання Джерело придбання Вартість, звичайна ціна покупки Інвентарний номер Повний номер виклику Штрих-код Дата останнього перегляду Ціна ефективна від Тип елемента Koha Примітка, призначена для загального доступу
    Universal Decimal Classification     Колекція Пасічника І.Д. ЧЗ - Читальна зала ЧЗ - Читальна зала 06/07/2007 124/2007 20.00 105552 77.04:271 П32 105552 07/02/2022 06/07/2007 Книги з автографом В. Пилип'юка